[Event "EU-chT (Men) 17th"]
[Site "Novi Sad"]
[Date "2009.10.27"]
[Round "6"]
[White "Aronian, Levon"]
[Black "Shirov, Alexei"]
[Result "1/2-1/2"]
[WhiteElo "2773"]
[BlackElo "2730"]
[Annotator "Krasenkow,M"]
[PlyCount "131"]
[EventDate "2009.10.22"]
[EventType "team-swiss"]
[EventRounds "9"]
[EventCountry "YUG"]
[SourceTitle "CBM 133"]
[Source "ChessBase"]
[SourceDate "2009.11.19"]
[SourceVersion "1"]
[SourceVersionDate "2009.11.19"]
[SourceQuality "1"]
[WhiteTeam "Armenia"]
[BlackTeam "Spain"]
[WhiteTeamCountry "ARM"]
[BlackTeamCountry "ESP"]

1. d4 d5 2. Nf3 Nf6 3. c4 c6 4. Nc3 e6 5. e3 Nbd7 6. Qc2 Bd6 7. Bd3 O-O 8. O-O
dxc4 9. Bxc4 b5 10. Bd3 Bb7 11. a3 a5 (11... a6 {is more popular - see
annotations to Kasimdzhanov - Leko by GM L.Ftacnik in CBM 132}) (11... Qe7 {
is played quite often, too.}) 12. e4 (12. Ng5) (12. Bd2 {are quite harmless
alternatives.}) 12... e5 13. dxe5 Nxe5 14. Nxe5 Bxe5 15. h3 (15. f4 $6 Bd4+ 16.
Kh1 Ng4 17. h3 Qh4 18. Qe2 h5 19. f5 Nf2+ 20. Rxf2 Qxf2 21. Qxf2 Bxf2 22. Bf4
Rfd8 $17 {0-1 Milov,V (2676)-Bareev,E (2653)/Bastia 2007/EXT 2008 (30)}) 15...
Ba6 $146 {[%cal Yb5b4][%mdl 8] A curious novelty. Black finds a way to trade
this passive bishop. The other moves seen in practice don't promise him equal
chances, either due to this bishop or because of weaknesses arising in his
camp:} (15... c5 $5 {is a surgical approach, which hardly works here:} 16. Bxb5
(16. Nxb5 c4 17. Bxc4 Nxe4 18. Be3 {is less convincing}) 16... Bxc3 (16... Qb6
17. a4 $5) 17. bxc3 (17. Qxc3 $5 Nxe4 18. Qc2) 17... Bxe4 18. Qe2 Qd5 19. f3
Bf5 20. c4 $1 Qd4+ 21. Be3 Qe5 22. Qf2 Rfc8 23. Rad1 $16 {[%csl Rc5] 1/2
Epishin,V (2615)-Dokhoian,Y (2545)/Moscow 1991/URS-ch (52)}) (15... Nh5 $6 16.
Ne2 Re8 17. f4 Bd4+ 18. Kh2 Qb6 $6 19. Nxd4 Qxd4 20. Qe2 Nf6 21. Be3 Qd7 22.
Bc5 $16 {1-0 Maric,A (2443)-Tkeshelashvili,S (2286)/New Delhi 2000/CBM 079 ext
(30)}) (15... Re8 16. Be3 (16. f4 $6 Bd4+ 17. Kh2 g6 $132 {[%cal Yc6c5]}) 16...
Qc7 (16... Bd4 $6 17. Rfe1 h6 18. Rad1 Bxe3 19. Rxe3 Qb6 20. Qe2 Rad8 21. e5
Nd7 22. e6 $16 {1-0 Fressinet,L (2654)-Maksimenko,A (2505)/Germany 2008/CBM
124 (33)}) (16... Bxc3 $6 17. bxc3 c5 18. Bxb5 (18. Rfd1 $5 Qe7 19. f3 $14)
18... Bxe4 19. Qd1 Qxd1 20. Rfxd1 Rec8 21. c4 $1 {[%csl Rc5] This arrangement 
(Bb5, Pc4), as you see, is quite typical after the exchange on c3.} a4 22. Ra2
Bc6 23. Rb2 Ne4 24. f3 Nc3 25. Rc1 Nxb5 26. cxb5 $18 {1-0 Peralta,F (2546)
-Tissir,M (2440)/La Laguna 2008/CBM 123 Extra (61)}) (16... Qe7 17. Ne2 Bc7 18.
Bc5 Bd6 19. Bxd6 Qxd6 20. f4 $2 (20. Rad1 $14) 20... c5 $1 21. e5 Qb6 22. Rf2
c4 23. Bf5 Nd5 $36 {0-1 Bhat,V (2473)-Stripunsky,A (2556)/ICC INT 2009/The
Week in Chess 781 (33)}) 17. f3 $5 (17. f4 Bxc3 18. bxc3 c5 19. e5 c4 $1 20.
Be2 Ne4 21. Rfb1 Bc6 22. Bf3 f5 $13 23. a4 bxa4 24. Be2 Qf7 {0-1 Nielsen,P 
(2629)-Grachev,B (2610)/Plovdiv 2008/CBM 124 (40)}) (17. Rad1 Rad8 18. Ne2 Bd6
19. Nd4 Nh5 20. Rfe1 Nf4 21. Bf1 Ne6 22. Nxe6 Rxe6 23. f4 f6 $14 {1/2 Kramnik,
V (2785)-Anand,V (2801)/Moscow 2007/CBM 121 Extra (47)}) 17... Rad8 18. Rad1
Nh5 19. Ne2 Nf4 20. Nxf4 Bxf4 21. Bxf4 (21. Bf2 a4 22. e5 Bxe5 23. Bxh7+ Kh8
$11 {1/2 Sokolov,I (2658)-Erdos,V (2576)/Sibenik 2008/CBM 126 Extra (43)})
21... Qxf4 22. Qc5 $1 Qf6 23. Qb6 Qd4+ 24. Qxd4 Rxd4 25. Be2 Red8 26. Rxd4 Rxd4
27. Kf2 Rd2 28. Rb1 Kf8 29. Ke3 Rd8 30. a4 bxa4 31. Ra1 Rb8 32. Rxa4 Bc8 33.
Rxa5 Bd7 34. Ra7 Be6 35. Rc7 $16 {V.Bologan}) (15... h6 16. Be3 Re8 17. Rad1
$14 (17. Ne2 $2 Bxb2 {0-1 Manea,A (2357)-Savchenko,S (2557)/Bucharest 2008/CBM
126 Extra (36)})) (15... b4 16. axb4 axb4 17. Rxa8 Bxa8 18. Ne2 $5 $14 (18. Na4
Bd4 19. b3 c5 20. Bb2 Bxb2 21. Nxb2 Qd4 22. Re1 Re8 23. Na4 g6 $15 {0-1
Saldano Dayer,H (2449)-Fier,A (2595)/Campinas 2009/CBM 130 Extra (44)})) 16.
Be3 (16. Rd1 $5 Qe7 $140 17. Be3 (17. f4 $2 Bd4+ 18. Kf1 Bb6 {[%cal Re7c5]})
17... b4 18. Na4 Bxd3 19. Rxd3 Nxe4 20. Re1 $44 {[+]}) 16... b4 $1 17. Bxa6
bxc3 18. Bc4 $6 (18. Rad1 $142 Qe7 (18... Qb8 19. Bd3 Qxb2 20. f4 Bc7 21. Rc1
$44) 19. Bd3 $1 cxb2 20. f4 Bd6 $1 21. Qxb2 (21. e5 $2 Bxa3) 21... Nxe4 22. Qc2
Bc5 23. Bxe4 Bxe3+ 24. Kh1 $11) 18... cxb2 19. Rad1 Qb8 $2 {Black fails to
exploit White's inaccuracy, and the advantage passes to the Armenian
grandmaster. His bishop will now be well-placed on c4.} (19... Qe7 $142 $1 20.
Bc5 (20. f4 Bd6 {- the e4 pawn is now unprotected!} 21. e5 Bxa3) 20... Qc7 21.
Bxf8 Rxf8 {[%cal Yc6c5,Ye5d4] - Black has excellent compensation for the
exchange.}) 20. f4 Bc7 21. e5 {[%csl Gc4,Ge5,Gf4]} Bb6 (21... Nd5 $142 22. Bd4
Rd8 $14) 22. Bf2 $1 Bxf2+ 23. Rxf2 Rd8 $5 {[%mdl 512] A desperate decision but
after the knight retreats White gets a clear advantage.} (23... Nd5 24. Bxd5
cxd5 25. Qxb2 $16 {[%csl Rd5]}) (23... Nh5 24. Kh2 $16 {[%cal Rg2g4]}) 24.
Rxd8+ Qxd8 25. exf6 {It was equally good to decline the offer:} (25. Qxb2 {
[%csl Gc4,Rc6] The white bishop is much stronger here than the black knight. E.
g.} Ne4 (25... Nd5 26. Qb7 Qc8 27. Rb2 $1 $16) 26. Rf3 $1 {[%cal Yf3d3]} Qd1+
27. Rf1 Qd8 28. e6 fxe6 29. Bxe6+ Kh8 30. Re1 $16) 25... Rb8 26. Ba2 Qxf6 {
Surprisingly, it is not so easy for White to convert his material advantage.
He fails to find an appropriate way.} 27. g3 (27. Bb1 $1 g6 28. f5 {
(developing an initiative on the kingside) was probably the right plan.} g5 29.
Rd2 {[%cal Yd2d7]}) 27... g6 28. Kh2 Qe7 29. a4 Qa3 $132 {[%csl Ra4]} 30. Bb1 {
Too late!} Rb3 $1 31. Rg2 Qxa4 32. f5 Qb5 33. Qe4 Qb8 {[%csl Rg2]} 34. Qxc6 Rb6
35. Qd7 Rb7 36. Qd1 Rb3 37. Qe1 a4 38. Re2 Kf8 (38... Kg7 $5 39. f6+ Kxf6 40.
Qf2+ Kg7 41. Re7 Kh6 42. Rxf7 Qd6 {- White can't make any progress.}) 39. Re3
$6 {After the rook exchange White can't win anymore.} (39. f6 $1 {would have
given him some winning chances, e.g.} Rf3 (39... a3 40. Re7 $1 {[%cal Re7f7]}
Qd8 41. h4 $1 {, then the white queen moves forward}) 40. Be4 $1 Rxf6 41. Qc3
Qb6 42. Kg2 $1 (42. Rxb2 $143 Rf2+ {- the rook exchange is unfavorable for
White here, too}) 42... Qa6 43. Qxb2 {killing the main enemy} a3 $140 44. Qa2
Re6 45. Rf2 $1) 39... Rxe3 40. Qxe3 {[%mdl 4096]} Qb4 41. f6 a3 42. h4 h5 43.
Qa7 Ke8 {White now has a lot of checks but nothing more.} 44. Qa8+ (44. Ba2
Qd2+ 45. Kh3 Qd7+ 46. Qxd7+ Kxd7 {can be risky for White.}) 44... Kd7 45. Qd5+
Kc8 46. Qxf7 Qd2+ 47. Kh3 Qd1 48. Qe6+ Kc7 $1 49. Qe5+ Kd7 50. Qe7+ Kc8 51. Qe4
Qf1+ 52. Kh2 Qf2+ 53. Qg2 Qxf6 54. Qa8+ Kc7 55. Qa7+ Kd8 56. Qa5+ Kd7 57. Kg2
Qc6+ 58. Kf2 Qf6+ 59. Kg2 Qc6+ 60. Kh2 Qf6 61. Qa4+ Kc7 62. Qa7+ Kd8 63. Qc5
Qe6 64. Qa5+ Kc8 65. Qc3+ Kd8 66. Qa5+ 1/2-1/2

[Event "Moscow Aeroflot op-A 18th"]
[Site "Moscow"]
[Date "2019.02.27"]
[Round "9"]
[White "Zhou, Jianchao"]
[Black "Korobov, Anton"]
[Result "1/2-1/2"]
[WhiteElo "2615"]
[BlackElo "2687"]
[Annotator "Krasenkow,M"]
[PlyCount "70"]
[EventDate "2019.02.20"]
[EventType "swiss"]
[EventRounds "9"]
[EventCountry "RUS"]
[SourceTitle "CBM 189"]
[Source "ChessBase"]
[SourceDate "2019.04.29"]
[SourceVersion "1"]
[SourceVersionDate "2019.04.29"]
[SourceQuality "1"]

{[%evp 0,70,69,35,35,-16,25,21,37,3,44,38,32,21,12,43,19,45,41,34,22,21,21,29,
32,24,44,20,40,29,44,21,18,18,4,15,69,44,124,17,82,72,58,0,7,14,9,14,14,9,9,15,
15,15,13,-5,13,5,31,21,33,3,0,-2,8,0,0,-13,-20,2,-24,-18,-2]} 1. d4 d5 2. c4 c6
3. Nf3 Nf6 4. Nc3 e6 5. e3 Nbd7 6. Qc2 Bd6 7. Bd3 O-O 8. O-O dxc4 9. Bxc4 b5
10. Be2 Bb7 11. Bd2 Re8 {A rare, quite flexible move. Black prepares ...e6-e5
but the main idea is to avoid main theoretical lines arising after} (11... a6)
12. Ng5 (12. a3 e5 13. dxe5 Nxe5 14. Nxe5 Bxe5 15. Bf3 Qb8 16. h3 c5 $11 {
1/2 (28) Mohr,G (2444)-Sveshnikov,E (2512) Celje 2004}) (12. Rfd1 Qc7 (12...
Qb8 $5) (12... Qe7 $5) 13. Rac1 Rac8 14. Ne4 (14. b4 $5 e5 $132) 14... Nxe4 15.
Qxe4 c5 16. Qh4 Be7 17. Qh3 c4 $132 {0-1 (33) Stangl,M (2490)-Kuporosov,V 
(2500) Brno 1991}) 12... Bf8 (12... e5 $5 13. Nce4 $5 (13. Rad1 exd4 14. exd4
h6 15. Nge4 Nxe4 16. Nxe4 Bxh2+ 17. Kxh2 Qh4+ 18. Kg1 Qxe4 $15 {1/2 (33)
Adorjan,A (2550)-Kuczynski,R (2525) Polanica Zdroj 1992})) (12... Qb8 $5) 13.
Bf3 Rc8 (13... Rb8 $5 {[%cal Yc6c5]}) 14. Nce4 (14. a3 {[%cal Yb2b4]} a5 15.
Nce4 {doesn't change much}) 14... h6 15. Nxf6+ Nxf6 16. Ne4 Nxe4 17. Bxe4 a5 {
White can't control the c5 square so c6-c5 with equality is almost imminent.
White finally prevents that but at a high cost.} 18. a3 b4 19. Qa4 Bd6 (19...
e5 $5 20. axb4 exd4 21. Bf5 c5 22. Bxc8 Qxc8 23. bxa5 Bxg2 24. Kxg2 Qg4+ $11)
20. axb4 axb4 21. Bxb4 Ra8 22. Ba5 Bxh2+ 23. Kxh2 Qh4+ 24. Kg1 Qxe4 $11 {
[%cal Rc6c5]} 25. Qb3 Ba6 {Simpler than} (25... c5 26. f3 c4 27. Qc3) 26. Rfc1
Bb5 27. Qd1 Qg6 28. Bc7 h5 29. Bg3 Qh7 30. Rxa8 Rxa8 31. Ra1 Rxa1 32. Qxa1 Qe4
33. Qe1 f6 34. f3 Qc2 35. b4 Qe2 1/2-1/2

[Event "EU-Cup 30th"]
[Site "Bilbao"]
[Date "2014.09.17"]
[Round "4.2"]
[White "Navara, David"]
[Black "Topalov, Veselin"]
[Result "0-1"]
[WhiteElo "2722"]
[BlackElo "2784"]
[Annotator "Krasenkow,M"]
[PlyCount "98"]
[EventDate "2014.09.14"]
[EventType "team-swiss"]
[EventRounds "7"]
[EventCountry "ESP"]
[SourceTitle "CBM 163"]
[Source "ChessBase"]
[SourceDate "2014.11.11"]
[SourceVersion "1"]
[SourceVersionDate "2014.11.11"]
[SourceQuality "1"]
[WhiteTeam "Novy Bor"]
[BlackTeam "SOCAR"]
[WhiteTeamCountry "CZE"]
[BlackTeamCountry "AZE"]

1. c4 c6 2. d4 d5 3. Nf3 Nf6 4. Nc3 e6 5. e3 Nbd7 6. Qc2 Bd6 7. Bd3 O-O 8. O-O
e5 9. cxd5 cxd5 10. e4 exd4 11. Nxd5 Nxd5 12. exd5 h6 13. b3 {This move became
popular after the rapid game of the World Championship play-off Gelfand -
Anand (2012). It was annotated and the whole line thoroughly examined by GM
Lubomir Ftacnik in CBM 149.} (13. Nxd4 {is the main theoretical continuation.})
13... Ne5 (13... Nb6 {requires further examination. A practical example:} 14.
Bc4 (14. Be4 $5) 14... Bd7 (14... Qf6 $5) (14... Nxc4 $5 15. bxc4 Qc7 {[%cal
Yb7b5]}) 15. Bb2 Rc8 16. Qd3 $14 {1-0 (27) Dmochowska,A (1790)-Maslova,P (1900)
Budva 2013}) 14. Nxe5 Bxe5 15. Re1 (15. f4 Bf6 16. Ba3 Re8 17. d6 Bd7 18. Qd2
Bc6 19. Rac1 Qd7 20. Rfe1 Qg4 21. Bf1 g5 22. Bc5 Qxf4 23. Qxf4 gxf4 24. Rxe8+
Rxe8 25. Rd1 Rd8 $11 {1-0 (52) Bacrot,E (2702)-Sumets,A (2622) Fujairah City
2012}) 15... Re8 (15... Qxd5 16. Ba3 Rd8 17. Qe2 (17. Bc4 Qa5 18. Qg6 Rd7 19.
Qh5 Qxa3 20. Qxe5 Rd8 21. Rad1 $14 {L.Ftacnik}) 17... Qa5 $4 (17... Bd6 $1 $14)
18. Be7 Rd5 19. b4 Qc7 20. Qe4 Bxh2+ 21. Kh1 Rf5 22. Rac1 {1-0 (22) Navara,D 
(2700)-Shomoev,A (2581) Yerevan ARM 2014}) 16. Bb2 (16. f4 $5 Bf6 17. Rxe8+
Qxe8 18. Bd2 Qd8 19. Re1 $14 {L.Ftacnik}) 16... Bd7 17. g3 (17. Qd2 {is more
accurate but still harmless due to} Qg5 $1 18. Qxg5 hxg5) 17... Rc8 (17... Qa5
$1 {apparently gives Black an excellent position.}) 18. Qd2 Qf6 {This is also
inaccurate, I guess.} (18... Bh3 $142 $1 {[%cal Rd8d5]} 19. Be4 Qb6 20. Rad1
Bf6 {, and the d4-pawn is untouchable.}) 19. Bf1 {David Navara deviates from
the stem game but goes his own way instead of following Ftacnik's
recommendation.} (19. a4 $2 Qf3 $1 20. Be4 Qxb3 $17 {1/2 (32) Gelfand,B (2727)
-Anand,V (2791) Moscow 2012 CBM 149 [Ftacnik,L]}) (19. Qb4 $5 {[%cal Rf2f4]}
Qf3 $5 (19... Qb6 20. Qxb6 axb6 21. Kg2 $14 {L.Ftacnik}) 20. Qxb7 Rc7 21. Qa6
Qxd5 22. Be4 $14) 19... g5 $1 {[%mdl 32] Preventing f2-f4. Black's d4-pawn is
now safe.} 20. Bg2 $6 {It was not a good idea to allow ...d4-d3.} (20. Rac1
$142 $11) 20... Bf5 21. Rac1 Rxc1 22. Rxc1 d3 {[%csl Gd3]} 23. Bxe5 (23. Re1
Re7 24. Bxe5 Rxe5 25. Re3 $5 {is relatively better but Black still has the
upper hand after} Rxe3 26. fxe3 Qe5) 23... Qxe5 24. g4 Qe2 $1 {White probably
overlooked this tactical trick.} 25. Qxe2 dxe2 26. Re1 Bxg4 {[%mdl 4096] Black
has won a pawn and gradually brings home his material advantage.} 27. f3 Bf5
28. Kf2 Bd3 29. f4 gxf4 (29... Kg7 $5) 30. d6 b6 31. d7 Rd8 32. Bc6 {White's
bishop will be pushed away from this square.} Kf8 33. Rc1 (33. Kf3 Ke7 34. Kxf4
Kd6) 33... Ke7 34. Rc3 Kd6 35. Rxd3+ Kxc6 36. Rf3 Rxd7 37. Rxf4 Re7 38. Ke1 Kb5
39. Rf6 ({After} 39. h4 a5 {White can hardly save the game as well.}) 39... Kb4
40. Rxh6 Ka3 41. Rf6 (41. h4 Kxa2 42. b4 {was more stubborn but Black should
win anyway.}) 41... Kxa2 42. Rf3 Re4 43. Rxf7 a5 44. Rf6 b5 45. Rf5 b4 46.
Rxa5+ Kxb3 47. Rh5 Kc3 48. Rc5+ Kb2 49. Rh5 b3 0-1

[Event "Candidates Tournament"]
[Site "Kazan"]
[Date "2011.05.06"]
[Round "1.2"]
[White "Gelfand, Boris"]
[Black "Mamedyarov, Shakhriyar"]
[Result "1/2-1/2"]
[WhiteElo "2733"]
[BlackElo "2772"]
[Annotator "Krasenkow,M"]
[PlyCount "80"]
[EventDate "2011.05.05"]
[EventType "k.o."]
[EventRounds "3"]
[EventCountry "RUS"]
[SourceTitle "CBM 143"]
[Source "ChessBase"]
[SourceDate "2011.07.15"]
[SourceVersion "1"]
[SourceVersionDate "2011.07.15"]
[SourceQuality "1"]

1. d4 d5 2. c4 c6 3. Nc3 Nf6 4. e3 e6 5. Nf3 Nbd7 6. Qc2 Bd6 7. Bd3 O-O 8. O-O
dxc4 9. Bxc4 a6 10. Rd1 b5 11. Bd3 Qc7 12. Bd2 c5 13. Ne4 c4 14. Nxd6 Qxd6 15.
Be2 Bb7 16. b3 {For this line - see the theoretical article in CBM 142.} Rfc8 (
16... Bd5 17. Qb2 Ne4 18. Ba5 Rac8 (18... Rfc8 $5 19. Ne1 $140 c3 20. Qc1 c2 $1
) 19. Ne1 (19. Rac1 cxb3 20. axb3 b4 $1) 19... c3 $1 20. Qc1 c2 $1 21. Rd3 (21.
Nxc2 $6 Nxf2) 21... Nxf2 $1 22. Kxf2 Qxh2 23. Nf3 Qd6 $44 {1-0 Rodshtein,M 
(2625)-Paikidze,N (2455)/Moscow RUS 2011/CBM 142/[Krasenkow] (45)}) 17. Qb2
Rab8 (17... Bd5 $5 {leads to variations similar to the previous annotation.})
18. Rdc1 $146 {[%mdl 8]} (18. Rac1 Ne4 19. Be1 (19. Ba5 $5 Qd5 20. Ne1 Qg5 $132
) 19... Nb6 20. Ba5 cxb3 21. axb3 b4 22. Rxc8+ Rxc8 23. Rc1 {1-0 Wojtaszek,R 
(2711)-Smeets,J (2669)/Solingen GER 2011/The Week in Chess 851 (32)} Nc3 $132)
18... Ne4 (18... Be4 $5 19. Ba5 (19. Ne1 Nd5 20. f3 Bg6 21. e4 c3 $1) 19... Qd5
) 19. Ba5 Bd5 (19... cxb3 20. axb3 b4 {is too late:} 21. Bf1 Nc3 22. Nd2) (
19... Qd5 $5 20. Rab1 Ba8) 20. Ne1 f5 (20... cxb3 21. axb3 b4 {is poor again:}
22. Rxc8+ Rxc8 23. Nd3) 21. f3 Nef6 22. Rab1 {It turns out that Black has just
lost time. Still, White's advantage is minimal.} g5 (22... e5 $5 23. dxe5 (23.
Nc2 e4) 23... Qxe5 24. Qxe5 Nxe5 25. Bc3 Nfd7 26. Rd1 Bf7 {keeping good
chances to equalize.}) 23. Qd2 Kf7 (23... g4 $142) 24. Bb4 Qb6 25. Ba5 Qd6 26.
bxc4 bxc4 27. Rxb8 Qxb8 28. Qb4 Qa8 $6 (28... g4 $1 $132) 29. Bxc4 Qc6 30. Nd3
$1 Bxc4 31. Nb2 Qd5 ({Even here after} 31... Rb8 32. Qxc4 Qb5 $1 33. Qxb5 axb5
34. a3 Ra8 35. Bb4 Nd5 36. Nd3 Nxb4 37. axb4 Ra3 {White can hardly win.}) (
31... Qb5 {is probably less accurate:} 32. Nxc4 (32. Rxc4 Rb8 33. Nd3 Nd5)
32... Kg7 33. Qb3 $1 Rxc4 34. Qxc4 Qxa5 35. Qxe6 Qd2 36. Rb1 f4 37. exf4 Qxd4+
38. Kh1 Qxf4 39. Qxa6 $14) 32. Nxc4 Kg8 33. Rc3 $6 {White is tied up, and it
was very difficult for him to consolidate his material advantage.} (33. Qb3 $1
{was probably the best try although after} g4 (33... Rxc4 $6 34. Qxc4 Qxa5 35.
Qxe6+ Kg7 36. h3 $16 Qd2 $2 37. Rc7) 34. fxg4 fxg4 {Black keeps good chances
to survive.}) 33... f4 (33... g4 $5 $44) 34. exf4 (34. Nb6 Nxb6 35. Qxb6 Rxc3
36. Bxc3 fxe3 37. Qxa6 Kf7 $132) (34. Qa4 g4 $1 $132) (34. Nd2 $5 Rb8 (34...
Rxc3 35. Qxc3 Qxa2 36. e4 $14) 35. Qa4 fxe3 (35... Rb2 36. e4 Rxa2 37. exd5
Rxa4 38. dxe6 Rxa5 39. Rc8+ Kg7 40. exd7 Nxd7 41. Rc7 Rd5 42. Ne4 Kf8 43. Nxg5
$16) 36. Rxe3 Rb2 37. Nb3 g4 $132) 34... Qxd4+ 35. Ne3 Qxc3 36. Qxc3 Rxc3 37.
Bxc3 gxf4 38. Nc4 Nd5 39. Bd4 Nb4 40. a3 Nc6 {White's advantage in this
endgame is purely symbolic.} 1/2-1/2

[Event "EU-chT (Men) 18th"]
[Site "Porto Carras"]
[Date "2011.11.06"]
[Round "4.1"]
[White "Wojtaszek, Radoslaw"]
[Black "Beliavsky, Alexander G"]
[Result "1/2-1/2"]
[WhiteElo "2705"]
[BlackElo "2617"]
[Annotator "Krasenkow,M"]
[PlyCount "91"]
[EventDate "2011.11.03"]
[EventType "team-swiss"]
[EventRounds "9"]
[EventCountry "GRE"]
[SourceTitle "CBM 146"]
[Source "ChessBase"]
[SourceDate "2012.01.18"]
[SourceVersion "1"]
[SourceVersionDate "2012.01.18"]
[SourceQuality "1"]
[WhiteTeam "Poland"]
[BlackTeam "Slovenia"]
[WhiteTeamCountry "POL"]
[BlackTeamCountry "SLO"]

1. d4 d5 2. c4 c6 3. Nc3 Nf6 4. e3 e6 5. Nf3 Nbd7 6. Qc2 Bd6 7. Bd3 O-O 8. O-O
dxc4 9. Bxc4 a6 10. e4 e5 11. Rd1 exd4 (11... Qc7 {was recommended in my
survey in CBM 142. The text move is probably a bit less accurate.}) 12. Nxd4
Ne5 (12... Qc7 13. g3 Ne5 14. Be2 Bh3 {0-1 Diaz Hollemaert,N (2451)-Zambrana,O
(2504)/Asuncion 2010/CBM 137 (58)} 15. f4 Neg4 16. Bf1 Bxf1 17. Kxf1 $14 {
[%csl Rg4]}) 13. Bf1 c5 14. Nde2 c4 15. Nf4 b5 16. Qd2 (16. h3 $5 Bb7 17. Be3
$14 {[%cal Gd1d8]}) 16... Ne8 (16... Bc7 $5 17. Qe1 Bd6 {Has White anything
better than a draw?}) 17. Ncd5 (17. Be2 $5 {to prevent ...Bg4.}) 17... Bg4 18.
Be2 Bxe2 19. Qxe2 Nf6 20. Be3 Nxd5 21. Rxd5 Qc7 22. Rad1 $14 Nd3 (22... Rad8 $5
23. h3 $14 (23. Qd2 b4 $1 24. Rxd6 c3)) 23. Nxd3 Bxh2+ 24. Kf1 cxd3 25. Qxd3
Be5 26. b4 {White's position is more active and he has more central pawns but
it is not easy to convert that into something serious. GM Radoslaw Wojtaszek
skilfully keeps his initiative.} Bf6 27. g3 Rfe8 28. Bc5 h6 29. Kg2 Rad8 30.
Qf3 Be7 31. Qf4 $5 Qxf4 32. gxf4 Rc8 33. e5 g6 34. Kf3 h5 35. f5 $1 gxf5 36.
Kf4 Rc6 37. Kxf5 Bxc5 38. bxc5 {[%mdl 4096]} Rec8 39. Rg1+ $6 {Alas!} (39. f4
$1 {was a good chance. It is not easy for Black to find} Kg7 $1 (39... Rxc5 $2
40. Rxc5 Rxc5 41. Kf6 Rc6+ 42. Rd6 Rc8 43. f5 $18) (39... h4 $6 40. Rd6 Rxc5
41. Kf6 R5c6 42. f5) 40. Rd6 Rxc5 41. Rg1+ (41. Rxa6 R5c6) 41... Kf8 42. Kf6 (
42. Rxa6 R5c6) 42... R8c6 43. Rgd1 (43. f5 Rxd6+ 44. exd6 Rd5) (43. Rg7 Rxd6+
44. exd6 Ke8 45. Rxf7 Rf5+ $1 46. Kxf5 Kxf7 $11) 43... Ke8 $1 {, and he should
survive.}) 39... Kf8 40. Rh1 Rxc5 41. Rxh5 Rxd5 42. Rh8+ Ke7 43. Rxc8 f6 44. f4
fxe5 45. fxe5 Rd2 46. a4 1/2-1/2